MARC details
| 000 -LEADER |
| fixed length control field |
01873nam a2200493 a 4500 |
| 001 - CONTROL NUMBER |
| control field |
21980 |
| 003 - CONTROL NUMBER IDENTIFIER |
| control field |
VRT |
| 005 - DATE AND TIME OF LATEST TRANSACTION |
| control field |
20260317084630.0 |
| 008 - FIXED-LENGTH DATA ELEMENTS--GENERAL INFORMATION |
| fixed length control field |
240621s1996 xo ra 0 0 f slo |
| 015 ## - NATIONAL BIBLIOGRAPHY NUMBER |
| National bibliography number |
SNBA1996/0902650 |
| 020 ## - INTERNATIONAL STANDARD BOOK NUMBER |
| International Standard Book Number |
8006006571 |
| 035 ## - SYSTEM CONTROL NUMBER |
| System control number |
SNK000162621 |
| 035 ## - SYSTEM CONTROL NUMBER |
| System control number |
urn:nbn:sk:snk-amkf77 |
| 035 ## - SYSTEM CONTROL NUMBER |
| System control number |
urn:nbn:sk:snk-am003cl5 |
| 035 ## - SYSTEM CONTROL NUMBER |
| System control number |
57E34BF6-A4B1-4F6F-8576-C7BE841F6D53 |
| 039 #9 - LEVEL OF BIBLIOGRAPHIC CONTROL AND CODING DETAIL [OBSOLETE] |
| Level of rules in bibliographic description |
202407150911 |
| Level of effort used to assign nonsubject heading access points |
AUTHORITY |
| Level of effort used to assign subject headings |
202406241145 |
| Level of effort used to assign classification |
msnk123 |
| Level of effort used to assign subject headings |
202406211114 |
| Level of effort used to assign classification |
VLOAD |
| Level of effort used to assign subject headings |
202406200852 |
| Level of effort used to assign classification |
VLOAD |
| 040 ## - CATALOGING SOURCE |
| Original cataloging agency |
SNK |
| Language of cataloging |
slo |
| Transcribing agency |
SNK |
| Description conventions |
AACR2 |
| 041 1# - LANGUAGE CODE |
| Language code of text/sound track or separate title |
slo |
| Language code of original |
ger |
| 044 ## - COUNTRY OF PUBLISHING/PRODUCING ENTITY CODE |
| MARC country code |
xo |
| ISO country code |
SK |
| 072 #7 - SUBJECT CATEGORY CODE |
| Subject category code |
821.112.2 |
| Subject category code subdivision |
Nemecká literatúra, nemecky písaná |
| Source |
konspekt |
| 072 #7 - SUBJECT CATEGORY CODE |
| Subject category code |
+821-93 |
| Subject category code subdivision |
Literatúra pre deti a mládež (beletria) |
| 080 ## - UNIVERSAL DECIMAL CLASSIFICATION NUMBER |
| Universal Decimal Classification number |
(093.3) |
| Edition identifier |
2011 |
| 080 ## - UNIVERSAL DECIMAL CLASSIFICATION NUMBER |
| Universal Decimal Classification number |
821.112.2-3(087.5) |
| Edition identifier |
2001 |
| 100 1# - MAIN ENTRY--PERSONAL NAME |
| Personal name |
Sommer-Bodenburg, Angela, |
| Dates associated with a name |
1948- |
| Relationship |
aut |
| 240 10 - UNIFORM TITLE |
| Uniform title |
Hanna, Gottes kleinster Engel |
| Language of a work |
Slovensky |
| 245 10 - TITLE STATEMENT |
| Title |
Hanna, najmenší Boží anjel |
| Statement of responsibility, etc. |
Angela Sommer-Bodenburgová ; [preložila Jana Krejčíková] |
| 250 ## - EDITION STATEMENT |
| Edition statement |
1. vyd. |
| 260 ## - PUBLICATION, DISTRIBUTION, ETC. |
| Place of publication, distribution, etc. |
Bratislava |
| Name of publisher, distributor, etc. |
Mladé letá |
| Date of publication, distribution, etc. |
1996 |
| 300 ## - PHYSICAL DESCRIPTION |
| Extent |
133 s. |
| Dimensions |
21 cm |
| 500 ## - GENERAL NOTE |
| General note |
Údaj o prekl. prevzatý z rubu tit. strany |
| 650 07 - SUBJECT ADDED ENTRY--TOPICAL TERM |
| Topical term or geographic name entry element |
nemecká literatúra |
| Source of heading or term |
SNKPH |
| 650 07 - SUBJECT ADDED ENTRY--TOPICAL TERM |
| Topical term or geographic name entry element |
príbehy o deťoch |
| Source of heading or term |
SNKPH |
| 655 #7 - INDEX TERM--GENRE/FORM |
| Genre/form data or focus term |
denníky |
| Source of term |
SNKPH |
| 700 1# - ADDED ENTRY--PERSONAL NAME |
| Personal name |
Krejčíková, Jana, |
| Dates associated with a name |
1951-2004 |
| Relationship |
trl |
| 911 ## - EQUIVALENCE OR CROSS-REFERENCE-CONFERENCE OR MEETING NAME [LOCAL, CANADA] |
| Meeting name or jurisdiction name as entry element |
KN 1996/09 |
| Number [OBSOLETE] |
02650 |
| 942 ## - ADDED ENTRY ELEMENTS (KOHA) |
| Source of classification or shelving scheme |
Dewey Decimal Classification |
| Koha item type |
Krásna literatúra pre deti |
| Suppress in OPAC |
No |
| 949 ## - LOCAL PROCESSING INFORMATION (OCLC) |
| 6 |
273K0497143 |
| a |
svkpoA 167929 |
| b |
svkpo417125 |
| 949 ## - LOCAL PROCESSING INFORMATION (OCLC) |
| 6 |
270001000027008 |
| a |
svkbbA 91315 |
| b |
svkbbm 602632 |
| 949 ## - LOCAL PROCESSING INFORMATION (OCLC) |
| 6 |
17A0006486 |
| 9 |
P60, <03>, [BOOK], {603} |
| a |
snkSC 90813 |
| b |
snkKSP 5533/96 |
| s |
6100:20140925 |
| 949 ## - LOCAL PROCESSING INFORMATION (OCLC) |
| 6 |
17A0006485 |
| 9 |
P60, <04>, [BOOK], {604} |
| a |
snkSC 90813 D1 |
| b |
snkKSP 5534/96 |
| 949 ## - LOCAL PROCESSING INFORMATION (OCLC) |
| 9 |
P60, <09>, [BOOK], {629} |
| a |
snkC 1198 |
| b |
snk2260/960715 |